000 00664cam a22002293a 4500
001 6659
003 PGUSA
005 20140828083135.0
008 041001s2004||||xxu|||||s|||||000 | eng d
040 _aPGUSA
_beng
042 _adc
050 4 _aDA
100 1 _aAbbott, Jacob,
_d1803-1879
245 1 0 _aHistory of King Charles the Second of England
_h[electronic resource] /
_cJacob Abbott
260 _bProject Gutenberg,
_c2004
506 _aPublic domain in the USA.
516 _aElectronic text
653 _aCharles II, King of England, 1630-1685
830 0 _aProject Gutenberg
_v6659
856 4 0 _uhttp://www.gutenberg.org/ebooks/6659
942 _cEB
999 _c235979
_d235979